000 00556nam a2200181Ia 4500
003 GCL
008 140319s9999 xx 000 0 ara d
040 _aGCL /
_cGCL
082 0 4 _a614.78
_bم ت
100 1 _aمحمد احمد محمود جمعه
245 1 0 _aالتلوث الضوضائى وفوق الصوتيات /
_cمحمد احمد محمود جمعه
260 _a[S.N] :
_bدار الراتب الجامعية ،
_c1987
300 _a150 ص
490 _a
650 0 4 _aتلوث البيئة
650 0 4 _aالضوضاء
942 _2ddc
_cBK
999 _c35170
_d35170